000 00431nam a2200181Ia 4500
001 4054
005 20260306145727.0
008 260306t2004||||xx |||||||||||||| ||spa||
041 _aESP
082 _a306.85
_bH12 Nº 14
100 _aAldrete de Ramos, María Teresa
_eAUT
245 0 _aPara educar mejor
260 _c2004
300 _a209 páginas :
_c19 cm.
650 _aGEN
654 _aCED
942 _cLIB
_dJUS
_fJUS
_2ddc
_n
999 _c4054
_d4054